书目信息 |
| 题名: |
花卉应用与设计
|
|
| 作者: | 吴涤新 | |
| 分册: | ||
| 出版信息: | 北京 中国农业出版社 1994 |
|
| 页数: | 101 | |
| 开本: | 23cm | |
| 丛书名: | ||
| 单 册: | ||
| 中图分类: | S605 | |
| 科图分类: | ||
| 主题词: | 园艺 | |
| 电子资源: | ||
| ISBN: | 7-109-03464-X | |
| 000 | 00501nam0 2200181 450 | |
| 001 | 0741144344 | |
| 005 | 20070817112544.34 | |
| 010 | @a7-109-03464-X@b精装@d¥110.00 | |
| 100 | @a20070817d km y0chiy0120 ea | |
| 101 | 0 | @achi |
| 200 | 1 | @a花卉应用与设计@Ahua hui ying yong yu she ji@f吴涤新@Fwu di xin |
| 210 | @a北京@c中国农业出版社@d1994 | |
| 215 | @a101@d23cm@e附图 | |
| 606 | 0 | @a园艺 |
| 690 | @aS605@v3 | |
| 701 | 0 | @a吴涤新@Awu di xin |
| 801 | 0 | @aCN@bPFT@c20070817 |
| 905 | @a213230@dS605@en2@f1 | |
| 花卉应用与设计/吴涤新.-北京:中国农业出版社,1994 |
| 101;23cm+附图 |
| ISBN 7-109-03464-X(精装):¥110.00 |
| ● |
| 相关链接 |
|
|
|
|
正题名:花卉应用与设计
索取号:S605/n2
 
预约/预借
| 序号 | 登录号 | 条形码 | 馆藏地/架位号 | 状态 | 备注 |
| 1 | 6600647 | 266006476 | 密集书库-生命科学系/ [索取号:S605/n2] | 在馆 |